| 000 | 00689nam a2200265Ia 4500 | ||
|---|---|---|---|
| 001 | 53529 | ||
| 005 | 20240114005348.0 | ||
| 007 | ta | ||
| 008 | 110202s2006 g b000 u asm u | ||
| 040 | _aCotton College,Assam | ||
| 041 | _aasm | ||
| 082 |
_a491.41 _bDu 954 Ad |
||
| 100 | _aBaruah, P.N.Dutta . | ||
| 245 | 0 |
_aAdhunik Bhasabignan Paricaya / _cP.N.Dutta Baruah. _hTextual Documents |
|
| 250 | _aIst ed. / | ||
| 260 |
_aDibrugarh : _bBanalata , _c2006. |
||
| 300 |
_a218pg ; _c19cm. |
||
| 653 | _aAssamese language | ||
| 653 | _aDeptt- Assamese | ||
| 653 | _aG- Assamese | ||
| 942 |
_2ddc _cBK |
||
| 999 |
_c53492 _d53492 |
||